Sobrino aumentado, o Nuevo Diccionario de las lenguas española, francesa y latina ... dividido en tres tomos: los dos primeros contienen el español explicado por el francés y el latín; y el tercero el francés explicado por el español y el latín, con un Diccionario abreviado de Geographia ... (Registro nro. 37882)

Detalles MARC
000 -ENCABEZADO
Número de control [NR] 02279nam a2200289Ia 4500
008 - DE LONGITUD FIJA DE DATOS DE ELEMENTOS - INFORMACIÓN GENERAL
Elementos de longitud fija [NR] 130821s1776 be grdd spa
040 ## - FUENTE DE CATALOGACION [NR]
Agencia de catalogación original [NR] Co-BoUCM
Idioma de catalogación [NR] spa
041 0# - CODIGO DE IDIOMA [R]
Código de idioma para texto/pista de sonido o título separado [R] Español
-- Francés
092 ## - SIGNATURA TOPOGRAFICA LOCAL
Número de clasificación local E21N057
100 1# - ASIENTO PRINCIPAL--NOMBRE PERSONAL [NR]
Nombre personal [NR] Cormon, Francisco
245 10 - MENCION DE TITULO [NR]
Título [NR] Sobrino aumentado, o Nuevo Diccionario de las lenguas española, francesa y latina ... dividido en tres tomos: los dos primeros contienen el español explicado por el francés y el latín; y el tercero el francés explicado por el español y el latín, con un Diccionario abreviado de Geographia ...
260 ## - PUBLICACION, DISTRIBUCION, ETC. (PIE DE IMPRENTA) [R]
Lugar de publicación, distribución, etc. [R] Amberes (Bélgica)
Nombre del editor, distribuidor, etc. [R] A costa de los Hermanos De Tournes
Fecha de publicación, distribución, etc. [R] 1776
300 ## - DESCRIPCION FISICA [R]
Extensión [R] 698 páginas
500 ## - NOTA GENERAL [R]
Nota general [NR] Colección incompleta.
500 ## - NOTA GENERAL [R]
Nota general [NR] Detalles físicos: Encuadernación en pergamino rígido (a la romana) en cartón duro forrado en pergamino, tapas con deterioro en bordes y esquinas, perforación en la tapa posterior. Conserva guardas con desprendimiento, ejemplar desencuadernado. Portada impresa a dos tintas con un grabado de poca calidad (unos ángeles con elementos del arte de la imprenta y sobre ellos un lema en latín: "No hagas a otros lo que no quieres que te hagan a ti"). Alguna cenefa y motivos decorativos. Texto regularmente impreso, en tres columnas, divididas por líneas verticales. Cada columna, identificada con las tres primeras letras de las palabras que contiene. Reclamos y signaturas. En la guarda delantera firma: "Doctor Fernando Caycedo y Cuero". En la portada, un sello de tinta que dice: "Del Colegio de Ntra. Sra. del Rosario".
505 ## - NOTA DE CONTENIDO CON FORMATO PREESTABLECIDO [R]
Nota de contenido con formato preestablecido [NR] V.2: F - Z
506 ## - NOTA DE RESTRICCIONES DE ACCESO [R]
Condiciones de acceso [NR] Consulta en sala.
520 ## - NOTA DE RESUMEN, ETC. [R]
Nota de sumario, etc. [NR] Incluye los términos castellanos, se hace en francés una explicación de cada término y su sinónimo en latín.
546 ## - NOTA DE IDIOMA [R]
Nota de idioma [NR] Texto bilingüe español - francés.
650 04 - ASIENTO SECUNDARIO DE MATERIA - TERMINO TEMATICO [R]
Término temático o nombre geográfico como elemento de entrada [NR] Español
Subdivisión de forma [R] Diccionarios y enciclopedias
Subdivisión general [R] Francés
9 (RLIN) 7588
650 04 - ASIENTO SECUNDARIO DE MATERIA - TERMINO TEMATICO [R]
Término temático o nombre geográfico como elemento de entrada [NR] Francés
Subdivisión de forma [R] Diccionarios y enciclopedias
Subdivisión general [R] Español
9 (RLIN) 16125
650 04 - ASIENTO SECUNDARIO DE MATERIA - TERMINO TEMATICO [R]
Término temático o nombre geográfico como elemento de entrada [NR] Lingüística aplicada
700 1# - ASIENTO SECUNDARIO - NOMBRE PERSONAL [R]
Nombre personal [NR] Tournes
Títulos u otras palabras asociadas con el nombre [R] hermanos
Término de relación [R]
856 41 - LOCALIZACION Y ACCESO ELECTRONICOS [R]
Nota dirigida al público [R] Disponible en línea V.2
Identificador Uniforme del Recurso (“URI”) [R] <a href="http://books.google.com.co/books/ucm?id=FfNLAAAAcAAJ&printsec=frontcover&dq=Sobrino+aumentado+1776&ei=CuIaUMKSNoLgyAT5uoCoCA&hl=es&cd=1#v=onepage&q&f=false">http://books.google.com.co/books/ucm?id=FfNLAAAAcAAJ&printsec=frontcover&dq=Sobrino+aumentado+1776&ei=CuIaUMKSNoLgyAT5uoCoCA&hl=es&cd=1#v=onepage&q&f=false</a>
942 ## - ELEMENTOS DE ENTRADA AGREGADOS (KOHA)
Tipo de ítem principal el descrito en 300a Libro
Tema principal Lingüística
Edición 1
Sistema de clasificación DEWEY
Clasificación 443.6
Existencias
Total préstamos Código de barras Última vez visto Volúmen / Fascículo Ejemplar Price effective from Tipo de ítem Perdido Sistema de clasificación Dañado No prestable Tipo de ítem específico Suprimido Ubicación habitual Ubicación actual Localización Fecha de creación Forma de adquisición Costo
  L003172 15/12/2012 E21N057 V.2 Ej.1 03/02/2013 Libro   DEWEY     Libro archivo     Archivo Histórico Archivo histórico 28/02/2013 Donación 0.00